[Event "SRB Team Chmp 2008"]
[Site "Subotica"]
[Date "2008.09.05"]
[Round "5.1"]
[White "Predojevic, Borki"]
[Black "Mastrovasilis, Dimitrios"]
[Result "1/2-1/2"]
[WhiteElo "2634"]
[BlackElo "2563"]
[PlyCount "57"]
[EventDate "2008.09.01"]

1. d4 d5 2. c4 c6 3. Nf3 Nf6 4. e3 Bg4 5. Nc3 e6 6. h3 Bxf3 7. Qxf3 Nbd7 8. Bd3
Bd6 9. cxd5 cxd5 10. O-O Be7 11. Bd2 O-O 12. Rfc1 Rc8 13. Qd1 Nb6 14. Qb3 Qd7
15. Ne2 Rxc1+ 16. Rxc1 Rc8 17. Rxc8+ Qxc8 18. Qc2 Qxc2 19. Bxc2 Nc4 20. Bc1 Bb4
21. f3 Nd7 22. Kf2 Kf8 23. g4 g6 24. Nf4 Bd6 25. Nd3 Ke7 26. Ke2 f6 27. Nf2 Nb8
28. b3 Nb6 29. Bb2 1/2-1/2

[Event "SRB Team Chmp 2008"]
[Site "Subotica"]
[Date "2008.09.05"]
[Round "5.1"]
[White "Pavlovic, Milos"]
[Black "Simic, Radoslav"]
[Result "1-0"]
[WhiteElo "2515"]
[BlackElo "2384"]
[PlyCount "75"]
[EventDate "2008.09.01"]

1. d4 d5 2. c4 c6 3. Nf3 Nf6 4. e3 a6 5. Nc3 b5 6. c5 Nbd7 7. Bd2 a5 8. Rc1 Ba6
9. a3 g6 10. b4 axb4 11. axb4 Qc7 12. Bd3 Bg7 13. O-O O-O 14. Ne2 Ra7 15. Bc3
Rfa8 16. h3 Ne8 17. Qc2 Bc8 18. Ra1 Rxa1 19. Rxa1 Rxa1+ 20. Bxa1 Qa7 21. Bc3
Nc7 22. Nc1 Qa3 23. Nb3 Na6 24. Na5 Ndb8 25. Qd2 Bf5 26. Bxf5 gxf5 27. g4 f4
28. Kg2 fxe3 29. Qxe3 e6 30. Nb7 Nd7 31. Nd8 Nxb4 32. Bxb4 Qxb4 33. Nxe6 Qb1
34. Nd8 Qg6 35. Qe8+ Nf8 36. Nxc6 Bf6 37. Nfe5 Bxe5 38. Ne7+ 1-0

[Event "SRB Team Chmp 2008"]
[Site "Subotica"]
[Date "2008.09.05"]
[Round "5.1"]
[White "Cobic, Vladimir"]
[Black "Arsovic, Zoran"]
[Result "0-1"]
[WhiteElo "2306"]
[BlackElo "2475"]
[PlyCount "64"]
[EventDate "2008.09.01"]

1. f4 d5 2. Nf3 g6 3. g3 Bg7 4. Bg2 c6 5. O-O Qb6+ 6. d4 Nf6 7. c4 dxc4 8. Nc3
O-O 9. e4 Bg4 10. h3 Bxf3 11. Qxf3 e5 12. Na4 Qxd4+ 13. Be3 Qd8 14. f5 h6 15.
Bc5 Re8 16. Rfd1 Nbd7 17. Bd6 Qa5 18. b3 b5 19. Nc5 Nxc5 20. Bxc5 Rad8 21. fxg6
fxg6 22. bxc4 bxc4 23. Bf2 Kh7 24. Qe2 Qa4 25. Rdc1 Rd3 26. Qc2 Qa6 27. Bf1
Nxe4 28. Bxd3 cxd3 29. Qc4 Qxc4 30. Rxc4 Nxf2 31. Kxf2 e4 32. Ke3 Bxa1 0-1

[Event "SRB Team Chmp 2008"]
[Site "Subotica"]
[Date "2008.09.05"]
[Round "5.1"]
[White "Rajkovic, Dusan"]
[Black "Dudukovic, Nikola"]
[Result "1-0"]
[WhiteElo "2476"]
[BlackElo "2180"]
[PlyCount "67"]
[EventDate "2008.09.01"]

1. d4 Nf6 2. c4 c5 3. d5 e6 4. Nc3 exd5 5. cxd5 d6 6. e4 g6 7. f3 Bg7 8. Bg5
O-O 9. Nge2 a6 10. a4 Nbd7 11. Nc1 h6 12. Be3 Ne5 13. Be2 Nh7 14. O-O f5 15.
Qd2 h5 16. a5 Bd7 17. f4 Ng4 18. Bxg4 hxg4 19. e5 dxe5 20. Bxc5 Re8 21. Nd3
exf4 22. Nxf4 Rc8 23. Bd4 Rc4 24. Bxg7 Kxg7 25. b3 Rb4 26. Rfe1 Nf6 27. Na4 Rb5
28. Rxe8 Qxe8 29. Re1 Ne4 30. Qd4+ Kg8 31. b4 Qf7 32. Nb6 Qf6 33. Rxe4 Qd6 34.
Ne6 1-0

[Event "SRB Team Chmp 2008"]
[Site "Subotica"]
[Date "2008.09.05"]
[Round "5.1"]
[White "Sarenac, David"]
[Black "Arsovic, Goran"]
[Result "1/2-1/2"]
[WhiteElo "2222"]
[BlackElo "2469"]
[PlyCount "83"]
[EventDate "2008.09.01"]

1. e4 c5 2. Nc3 d6 3. g3 Nc6 4. Bg2 g6 5. f4 Bg7 6. d3 e6 7. Nf3 Nge7 8. O-O
O-O 9. Be3 b6 10. Bf2 Ba6 11. Re1 Qd7 12. Qd2 Nd4 13. Nh4 Rae8 14. Nd1 f5 15.
c3 Ndc6 16. Be3 Kh8 17. Nf3 Bb7 18. Nf2 d5 19. Qc2 Rc8 20. e5 d4 21. Bd2 dxc3
22. bxc3 c4 23. d4 Na5 24. Bc1 Nd5 25. Ba3 Rfe8 26. Nd2 Bf8 27. Bxf8 Rxf8 28.
Nd1 Rfd8 29. Nf1 Nc6 30. Qa4 Nce7 31. Qxd7 Rxd7 32. Bxd5 Bxd5 33. Nfe3 Kg7 34.
Kf2 h6 35. Re2 g5 36. Rb2 Kf7 37. a4 gxf4 38. gxf4 Rb7 39. Rb5 a6 40. Rb4 Ke8
41. Rab1 Rc6 42. Nb2 1/2-1/2

[Event "SRB Team Chmp 2008"]
[Site "Subotica"]
[Date "2008.09.05"]
[Round "5.2"]
[White "Todorovic, Goran M"]
[Black "Abramovic, Bosko"]
[Result "1/2-1/2"]
[WhiteElo "2479"]
[BlackElo "2488"]
[PlyCount "27"]
[EventDate "2008.09.01"]

1. e4 e5 2. Nf3 Nc6 3. Bc4 Bc5 4. c3 Nf6 5. d3 d6 6. O-O a6 7. Bb3 Ba7 8. Nbd2
h6 9. Re1 Be6 10. Nf1 O-O 11. Ng3 Re8 12. Bxe6 Rxe6 13. Nh4 d5 14. Qe2 1/2-1/2

[Event "SRB Team Chmp 2008"]
[Site "Subotica"]
[Date "2008.09.05"]
[Round "5.2"]
[White "Brenjo, Slavisa"]
[Black "Marinkovic, Slavisa"]
[Result "1/2-1/2"]
[WhiteElo "2486"]
[BlackElo "2380"]
[PlyCount "65"]
[EventDate "2008.09.01"]

1. e4 e6 2. d4 d5 3. Nc3 Nf6 4. Bg5 dxe4 5. Nxe4 Nbd7 6. Nf3 h6 7. Nxf6+ Nxf6
8. Bh4 c5 9. Ne5 Qa5+ 10. c3 cxd4 11. Qxd4 Bc5 12. Nc4 Bxd4 13. Nxa5 Bb6 14.
Nc4 Bc7 15. f3 Bd7 16. a4 O-O 17. Bf2 Rfd8 18. Be2 Nd5 19. g3 a6 20. a5 Bb5 21.
Ne3 Nxe3 22. Bxe3 Bxe2 23. Kxe2 Rd5 24. b4 Rad8 25. c4 Rd3 26. Rhd1 Rxd1 27.
Rxd1 Rxd1 28. Kxd1 Kf8 29. Kc2 Ke8 30. Kd3 Kd7 31. Bc5 h5 32. Bf2 g6 33. h3
1/2-1/2

[Event "SRB Team Chmp 2008"]
[Site "Subotica"]
[Date "2008.09.05"]
[Round "5.2"]
[White "Stamenkovic, Dragan"]
[Black "Ostojic, Nikola"]
[Result "1/2-1/2"]
[WhiteElo "2412"]
[BlackElo "2429"]
[PlyCount "21"]
[EventDate "2008.09.01"]

1. d4 d5 2. Bg5 h6 3. Bh4 c6 4. e3 Qb6 5. b3 e5 6. c3 e4 7. f3 exf3 8. Nxf3 Be6
9. Bd3 Be7 10. Bxe7 Nxe7 11. Nbd2 1/2-1/2

[Event "SRB Team Chmp 2008"]
[Site "Subotica"]
[Date "2008.09.05"]
[Round "5.3"]
[White "Kovacevic, Aleksandar"]
[Black "Martinovic, Slobodan"]
[Result "1/2-1/2"]
[WhiteElo "2585"]
[BlackElo "2453"]
[PlyCount "29"]
[EventDate "2008.09.01"]

1. e4 c5 2. Nf3 d6 3. d4 cxd4 4. Nxd4 Nf6 5. Nc3 Nc6 6. Bc4 Qb6 7. Nb3 e6 8.
Bf4 Ne5 9. Be2 Be7 10. Be3 Qc7 11. f4 Nc6 12. O-O a6 13. a4 b6 14. Bf3 Rb8 15.
Qe2 1/2-1/2

[Event "SRB Team Chmp 2008"]
[Site "Subotica"]
[Date "2008.09.05"]
[Round "5.3"]
[White "Miljkovic, Miroslav D"]
[Black "Markus, Robert"]
[Result "1/2-1/2"]
[WhiteElo "2427"]
[BlackElo "2572"]
[PlyCount "68"]
[EventDate "2008.09.01"]

1. e4 c5 2. Nc3 e6 3. f4 d5 4. Nf3 d4 5. Ne2 Nc6 6. d3 f5 7. exf5 exf5 8. g3 g6
9. Bg2 Bg7 10. c3 Nge7 11. cxd4 cxd4 12. O-O Be6 13. b4 a6 14. Re1 O-O 15. Bb2
Bd5 16. a3 Re8 17. Rc1 Qd6 18. Rc5 b6 19. Rc2 Rad8 20. Qa1 Bb3 21. Rcc1 h6 22.
h4 Bf7 23. Kh2 Bf6 24. Neg1 Nc8 25. Nd2 Rxe1 26. Rxe1 b5 27. Ngf3 N8a7 28. Qd1
a5 29. bxa5 b4 30. axb4 Qxb4 31. Qa1 Nxa5 32. Ba3 Qc3 33. Bb2 Qb4 34. Ba3 Qc3
1/2-1/2

[Event "SRB Team Chmp 2008"]
[Site "Subotica"]
[Date "2008.09.05"]
[Round "5.3"]
[White "Popovic, Dusan"]
[Black "Perunovic, Miodrag"]
[Result "1-0"]
[WhiteElo "2551"]
[BlackElo "2419"]
[PlyCount "71"]
[EventDate "2008.09.01"]

1. e4 c6 2. d4 d5 3. e5 Bf5 4. Nf3 e6 5. Be2 h6 6. O-O Ne7 7. Nbd2 Nd7 8. c3
Bh7 9. Nb3 Qc7 10. Bd2 g5 11. Ne1 Nf5 12. Rc1 O-O-O 13. c4 dxc4 14. Rxc4 Nb6
15. Ba5 Rd5 16. Bxb6 axb6 17. Nc2 Be7 18. Ne3 Rd7 19. Nxf5 Bxf5 20. Bg4 Bh7 21.
a4 Rhd8 22. Qe2 Kb8 23. Rfc1 f5 24. Bf3 Rc8 25. g3 g4 26. Bg2 Bg5 27. R1c3 h5
28. a5 Rd5 29. Bxd5 exd5 30. axb6 Qxb6 31. Ra4 Be7 32. Nc5 Qd8 33. Rb3 Bxc5 34.
dxc5 d4 35. Rxb7+ Kxb7 36. Qa6+ 1-0

[Event "SRB Team Chmp 2008"]
[Site "Subotica"]
[Date "2008.09.05"]
[Round "5.5"]
[White "Bogosavljevic, Boban"]
[Black "Iordachescu, Viorel"]
[Result "1/2-1/2"]
[WhiteElo "2533"]
[BlackElo "2579"]
[PlyCount "39"]
[EventDate "2008.09.01"]

1. Nf3 Nf6 2. c4 g6 3. g3 Bg7 4. Bg2 d5 5. cxd5 Nxd5 6. O-O Nb6 7. Nc3 Nc6 8.
a4 a5 9. d4 O-O 10. Bf4 Nb4 11. Be5 c6 12. Rc1 Bh6 13. Bf4 Bg7 14. Ne4 N6d5 15.
Bd2 Na6 16. Ne5 Ndb4 17. Bf4 Nd5 18. Bd2 Ndb4 19. Bf4 Nd5 20. Bd2 1/2-1/2

[Event "SRB Team Chmp 2008"]
[Site "Subotica"]
[Date "2008.09.05"]
[Round "5.5"]
[White "Stojanovic, Mihajlo"]
[Black "Djukic, Nikola"]
[Result "1/2-1/2"]
[WhiteElo "2552"]
[BlackElo "2545"]
[PlyCount "59"]
[EventDate "2008.09.01"]

1. c4 g6 2. g3 Bg7 3. Bg2 Nf6 4. Nc3 O-O 5. e4 c5 6. Nge2 Nc6 7. O-O Ne8 8. Rb1
Nc7 9. a3 a5 10. d3 d6 11. Be3 Ne6 12. Nb5 Ned4 13. Nexd4 Nxd4 14. Nxd4 Bxd4
15. Bxd4 cxd4 16. b4 axb4 17. axb4 Qb6 18. Qb3 Bd7 19. Ra1 Ra7 20. Ra3 Rfa8 21.
Rfa1 Rxa3 22. Rxa3 Ra6 23. b5 Rxa3 24. Qxa3 e5 25. f4 f6 26. Qa8+ Kg7 27. Qb8
Bg4 28. h3 Be2 29. Bf1 Qa5 30. Bxe2 1/2-1/2

[Event "SRB Team Chmp 2008"]
[Site "Subotica"]
[Date "2008.09.05"]
[Round "5.5"]
[White "Popov, Sinisa S"]
[Black "Pavlovic, Milos M"]
[Result "1/2-1/2"]
[WhiteElo "2472"]
[BlackElo "2537"]
[PlyCount "77"]
[EventDate "2008.09.01"]

1. d4 Nf6 2. c4 c5 3. d5 b5 4. cxb5 a6 5. bxa6 g6 6. Nc3 Bxa6 7. g3 d6 8. Bg2
Bg7 9. Nf3 Nbd7 10. O-O Nb6 11. Re1 O-O 12. Bf4 Nc4 13. Qc1 Ng4 14. h3 Nge5 15.
Nxe5 Nxe5 16. Bh6 Qa5 17. Bxg7 Kxg7 18. b3 Rfc8 19. Rb1 Rab8 20. Qe3 c4 21.
Rec1 cxb3 22. axb3 Qc5 23. Qxc5 Rxc5 24. f4 Nd7 25. Kf2 f5 26. b4 Rc4 27. Ra1
Bb7 28. Na2 Rbc8 29. Rxc4 Rxc4 30. Rc1 Rxc1 31. Nxc1 Nb6 32. e4 fxe4 33. Bxe4
Bxd5 34. Bxd5 Nxd5 35. Nd3 e5 36. Kf3 Kf6 37. fxe5+ dxe5 38. Ke4 Nc3+ 39. Ke3
1/2-1/2

[Event "SRB Team Chmp 2008"]
[Site "Subotica"]
[Date "2008.09.05"]
[Round "5.6"]
[White "Svetushkin, Dmitry"]
[Black "Naiditsch, Arkadij"]
[Result "1/2-1/2"]
[WhiteElo "2587"]
[BlackElo "2665"]
[PlyCount "158"]
[EventDate "2008.09.01"]

1. d4 Nf6 2. c4 e6 3. Nf3 d5 4. Nc3 dxc4 5. e4 Bb4 6. Bg5 c5 7. dxc5 Qxd1+ 8.
Rxd1 O-O 9. Nd2 Nbd7 10. f3 Nxc5 11. Nxc4 Na4 12. Bd2 Nxc3 13. Bxc3 Bxc3+ 14.
bxc3 Bd7 15. Nd6 Bc6 16. Be2 Rfd8 17. Kf2 Kf8 18. Rd4 e5 19. Rdd1 Ba4 20. Rd2
Ne8 21. Nc4 Rxd2 22. Nxd2 Nd6 23. Bd1 Bd7 24. Bb3 Rc8 25. Rc1 Ke7 26. Nf1 Be6
27. Ne3 Nb5 28. Rb1 Rc5 29. Bxe6 fxe6 30. Nd1 b6 31. Rc1 Rc4 32. Ke3 Ra4 33.
Rc2 Na3 34. Rf2 Nc4+ 35. Kd3 b5 36. Ne3 Nxe3 37. Kxe3 Kd6 38. Rd2+ Kc6 39. f4
Ra3 40. Rc2 Kc5 41. f5 exf5 42. exf5 b4 43. Ke4 bxc3 44. Kxe5 Kc4 45. Ke4 Ra6
46. Ke3 Rd6 47. g4 Rd3+ 48. Ke2 Rd4 49. Ke3 Rxg4 50. Rf2 Rh4 51. Rg2 Rh3+ 52.
Ke2 Kd4 53. Kd1 Ke5 54. Rxg7 Rxh2 55. Rxa7 h5 56. Rc7 Kd4 57. Rd7+ Kc4 58. Rc7+
Kd4 59. Rd7+ Ke5 60. Rc7 c2+ 61. Kc1 h4 62. a4 Kxf5 63. a5 Kg6 64. Rc6+ Kg5 65.
Rc5+ Kf4 66. Rc4+ Ke3 67. Rc8 h3 68. a6 Rh1+ 69. Kxc2 h2 70. Rh8 Ra1 71. Kb3
h1=Q 72. Rxh1 Rxh1 73. Kc4 Ra1 74. Kb5 Kd4 75. Kb6 Kd5 76. a7 Kd6 77. Kb7 Rb1+
78. Kc8 Ra1 79. Kb7 Rxa7+ 1/2-1/2

[Event "SRB Team Chmp 2008"]
[Site "Subotica"]
[Date "2008.09.05"]
[Round "5.6"]
[White "Perunovic, Milos"]
[Black "Tosic, Miroslav"]
[Result "1-0"]
[WhiteElo "2589"]
[BlackElo "2422"]
[PlyCount "131"]
[EventDate "2008.09.01"]

1. e4 e5 2. Nf3 Nc6 3. Bb5 a6 4. Ba4 Nf6 5. O-O Be7 6. d3 b5 7. Bb3 d6 8. a4
Na5 9. Ba2 Bd7 10. Nc3 b4 11. Ne2 Rb8 12. Bd2 c5 13. c3 b3 14. Bb1 c4 15. Ng3
O-O 16. Qe2 Qc7 17. h3 Rfe8 18. Re1 h6 19. Nh4 Bf8 20. Qf3 Qd8 21. Nhf5 Be6 22.
Ne3 d5 23. exd5 Bxd5 24. Qe2 Rc8 25. Nxd5 Qxd5 26. Be3 Qc6 27. dxc4 Nxc4 28.
Bd3 g6 29. Nf1 Qe6 30. Rad1 Bg7 31. a5 Nxa5 32. Bxa6 Ra8 33. Bb5 Rec8 34. Nd2
Nd5 35. Ne4 Nxe3 36. Qxe3 Rd8 37. Qc5 Bf8 38. Rxd8 Rxd8 39. Qc7 Ra8 40. Ra1 Qe7
41. Bd7 Bg7 42. Nc5 e4 43. Nxb3 e3 44. Nxa5 Be5 45. Qc6 exf2+ 46. Kxf2 Ra7 47.
Bg4 h5 48. Bf3 h4 49. Kf1 Bg3 50. b4 Qe3 51. Qc5 Rxa5 52. Qxe3 Rxa1+ 53. Ke2
Re1+ 54. Kd3 Rxe3+ 55. Kxe3 Kf8 56. Kd4 Ke7 57. Kc5 Bf2+ 58. Kb5 Kd6 59. c4 f5
60. c5+ Kc7 61. Kc4 g5 62. b5 Kd7 63. b6 Kc8 64. Kb5 Bg3 65. c6 Kb8 66. c7+ 1-0